1671 1106 1623 1268 1235 1730 1361 1779 1921 1648 1055 1881 1938 1263 1608 1189 1723 1307 1667 1149 1016 1302 1181 1903 1336 1384 1416 1506 1959 1215 1539 1845 1701 1608 1728 1270 1635 1121 1653 1919 1576 1380 1567 1344 1655 1091 1966 1455 1087 1035 1819 1559 1878 1270 1706 1518 1491 1272 1785 1583 1176 1633 1609 1809 1150 1512 1149 1423 1751 1556 1882 1737 1974 1430 1626 1197 1686 1945 1918 1992 1597 1037 1574 1772 1154 1782 1403 1409 1527 1133 1851 1956 1160 1832 1652 1146 1327 1995 1645 BCNSPRNW ULIB Ver.6.0+V

เปลี่ยนเป็นภาษาไทย

Change to English
 แสดงรายละเอียดบรรณานุกรม
  กลับหน้าหลัก

Brief Record : Get Marc (ISO 2709) : E-mail record : QR code < ปิดหน้าต่าง
LEADER : 00000nam 2200000uu 4500
001    13399122415
003     ULIB
008    020711s2551 th a 000 0 tha d
020    9789742556815
090    นว.^bพ541ว
100    พัดชา
245    วิวาห์ปลูกรัก/^cพัดชา
250    พิมพ์ครั้งที่ 1
260    กรุงเทพฯ :^bศิลปาบรรณาคาร,^c2551
300    597 หน้า
945    ^p320^l0^i028015
999    ^aทศพร เกษรทอง
รายการนี้ยังไม่มีแท็ก
คุณยังไม่ได้ล็อกอิน คุณสามารถมีกิจกรรมร่วมกับเว็บไซต์ได้ แต่ต้องล็อกอินก่อน ::
  ล็อกอิน

รายการสื่อสารสนเทศ

ลำดับที่ ประเภท เลขเรียก/บาร์โค้ด สถานที่ สถานะ
1. นวนิยาย
นวนิยาย
นว. พ541ว ฉ.1 
  Barcode: 028015
ห้องสมุดวิทยาเขตสวรรค์ประชารักษ์
►นวนิยาย
บนชั้น
  ขอยืม

รายการใกล้เคียง
    ผู้แต่ง [พัดชา]

BibComment


ยังไม่เคยถูกคอมเมนท์

คอมเมนท์ทรัพยากรรายการนี้
  คอมเมนท์: วิวาห์ปลูกรัก พัดชา


 Copyright 2026. Bcnsprnw @Library